<The> innovator's dilemma when new technologies cause great firms to fail

Saved in:
Bibliographic Details
Main Author: Christensen, Clayton M.
Format: Book
Language:English
Published: Boston Harvard Business Review Press 2016
Subjects:
Tags: Add Tag
No Tags, Be the first to tag this record!

MARC

LEADER 00000nam a2200000 4500
001 0227861
005 20221107100958.1
020 |a 978-1-63369-178-0 (paperback) 
020 |a 978-1-4221-9602-1 (hardback) 
041 0 |a eng 
044 |a US 
245 1 0 |a <The> innovator's dilemma  |b when new technologies cause great firms to fail  |c Clayton M. Christensen 
264 1 |a Boston  |b Harvard Business Review Press  |c 2016 
300 |a 253 s. 
610 2 0 |a podnikanie 
610 2 0 |a firmy 
610 2 0 |a riadenie podnikové 
610 2 0 |a inovácia 
610 2 0 |a zmeny technologické 
610 2 0 |a technológie nové 
610 2 0 |a škody 
610 2 0 |a zodpovednosť 
610 2 0 |a riadenie zmien 
610 2 0 |a štúdie prípadové 
610 2 0 |a stratégia podniková 
100 1 |a Christensen, Clayton M.